| 000 | 00762nam a2200217Ia 4500 | ||
|---|---|---|---|
| 001 | 278 | ||
| 005 | 20251226112353.0 | ||
| 008 | 251203t1992||||xx |||||||||||||| ||spa|| | ||
| 020 | _a8460929113 | ||
| 041 | _aESPIN | ||
| 082 |
_a333.720985 _bM12 |
||
| 100 |
_aMacQuarrie, Kim _cAUT |
||
| 245 | 0 |
_aEl paraíso amazónico del Perú : _bManu, Parque Nacional y Reserva de la Biosfera |
|
| 246 |
_aPeru's amazonian eden : Manu, National Park and Biosphere Reserve _bRodríguez Monroy, Amalia |
||
| 260 |
_aBarcelona : _bFrancis O. Patthey e hijos _c1992 |
||
| 300 |
_a320 páginas : _b ilustraciones : _c 29 cm. |
||
| 650 | _aCIS | ||
| 653 | _aEconomía de la tierra; Conservación y protección | ||
| 700 | _aAdministración de negocios | ||
| 942 |
_cLIB _dJUS _fMIP _2ddc |
||
| 999 |
_c278 _d278 |
||